| 000 | 02630cam a2200613 i 4500 | ||
|---|---|---|---|
| 001 | xx004696401 | ||
| 003 | NUKAT | ||
| 005 | 20260408134205.0 | ||
| 008 | 190910s2019 pl a |001 0 pol c | ||
| 020 |
_a9788380986831 _q(oprawa twarda) : _czł 59,00 |
||
| 035 | _a(OCoLC)1121435332 | ||
| 035 | _a(NUKAT)xx004696401 | ||
| 040 |
_aKAT U/JP _bpol _erda _cKAT U/JPs _dKAT U/AW _dWR O/KP _dOLSZT 008/bak |
||
| 045 | 2 |
_bd1945 _bd1990 |
|
| 046 | _k2019 | ||
| 100 | 1 |
_aŁabuszewski, Tomasz _d(1966- ). _eAutor _913045 |
|
| 245 | 1 | 0 |
_aPrzez Morze Czerwone : _bRzeczpospolita Polska na uchodźstwie 1945-1990 / _cTomasz Łabuszewski, Anna Obrębska, Małgorzata Ptasińska. |
| 260 |
_aWarszawa : _bInstytut Pamięci Narodowej - Komisja Ścigania Zbrodni przeciwko Narodowi Polskiemu, _c© copyright 2019. |
||
| 300 |
_a655 stron : _bilustracje ; _c31 cm. |
||
| 336 |
_aTekst _btxt _2rdacontent |
||
| 337 |
_aBez urządzenia pośredniczącego _bn _2rdamedia |
||
| 338 |
_aWolumin _bnc _2rdacarrier |
||
| 380 | _aKsiążki | ||
| 380 | _aPublikacje naukowe | ||
| 388 | 1 | _a2001- | |
| 490 | 1 | _aCentralny Projekt Badawczy IPN Polska Emigracja Niepodległościowa 1945-1990 | |
| 504 | _aIndeks. | ||
| 610 | 2 | 7 |
_aRząd Rzeczypospolitej Polskiej na uchodźstwie _2DBN _939662 |
| 610 | 1 | 7 |
_aPolska. _bRząd Rzeczypospolitej Polskiej na Uchodźstwie _vwydawnictwa ilustrowane. _2kaba _939663 |
| 648 | 7 |
_a1901-2000 _2DBN _934996 |
|
| 648 | 7 |
_a1945-1989 _2DBN _936043 |
|
| 648 | 7 |
_a1989-2000 _2DBN _936156 |
|
| 650 | 7 |
_aEmigracja _2DBN _939632 |
|
| 650 | 7 |
_aEmigracja polityczna _2DBN _937405 |
|
| 650 | 7 |
_aOrganizacje polonijne _2DBN _937232 |
|
| 650 | 7 |
_aPolacy za granicą _2DBN _935953 |
|
| 650 | 7 |
_aPolitycy _2DBN _936070 |
|
| 650 | 7 |
_aPrezydenci _2DBN _939664 |
|
| 650 | 7 |
_aPolacy _zza granicą _y1945- _vwydawnictwa ilustrowane. _2kaba _939665 |
|
| 650 | 7 |
_aPolacy _zza granicą _y1900-1945 _vwydawnictwa ilustrowane. _2kaba _939666 |
|
| 651 | 7 |
_aFrancja _2DBN _937151 |
|
| 651 | 7 |
_aStany Zjednoczone (USA) _2DBN _935652 |
|
| 651 | 7 |
_aWielka Brytania _2DBN _936137 |
|
| 655 | 7 |
_aOpracowanie _2DBN _935024 |
|
| 655 | 7 |
_aPublikacja bogato ilustrowana _2DBN _935165 |
|
| 658 | _aHistoria | ||
| 658 | _aPolityka, politologia, administracja publiczna | ||
| 700 | 1 |
_aObrębska-Woźniczka, Anna. _eAutor _939661 |
|
| 700 | 1 |
_aPtasińska-Wójcik, Małgorzata. _eAutor _913127 |
|
| 710 | 2 |
_aInstytut Pamięci Narodowej - Komisja Ścigania Zbrodni przeciwko Narodowi Polskiemu. _eWydawca _4pbl _911792 |
|
| 830 | 0 |
_aPolska Emigracja Niepodległościowa 1945-1990 _939546 |
|
| 920 | _a978-83-8098-683-1 (oprawa twarda) : zł 59,00 | ||
| 942 |
_2ddc _cBK_NM |
||
| 999 |
_c27476 _d27476 |
||